000 00791nam a2200217 a 4500
001 000006881
005 20200929154020.0
008 090903s1971 dr 000 0 spa d
040 _aDO-SdBNP
_bspa
_cBNPHU
082 _a346.07
_bF363L
100 1 _aFernández Molina, Generoso
_919087
245 1 0 _aLegislación mercantil y aduanera /
_cGeneroso Fernández Molina.
260 _aSanto Domingo :
_bPublicaciones del Economato Universitario,
_c1971.
300 _a171 p. ;
_c22 cm.
590 _aInventariado, 2018/LP
650 4 _aDerecho comercial
_xLegislación
_zRepública Dominicana
_910077
650 4 _aDerecho de seguros
_916505
650 4 _aLegislación aduanera
_919088
650 4 _aAranceles de aduanas
_zRepública Dominicana
_919089
910 _aValidado. Control de calidad EMS
999 _c6669
_d6669